Akta Demutualisasi (Bursa Saham Kuala Lumpur) 2003 (Akta 632) & Demutualisation (Kuala Lumpur Stock Excahange) Act 2003 (Act 632) : (Hingga 20hb Mei 2004)

Bibliographic Details
Corporate Authors: Malaysia, International Law Book Services. Lembaga Penyelidikan Undang-Undang
Format: Book
Published: Petaling Jaya : International Law Book Services , 2004
Subjects:

MARC

LEADER 00000cam a2200000 7i4500
001 0000018488
005 20061222.0
020 |a 9678914972 
040 |a INS 
090 0 0 |a KPG909   |b M4 2004 
110 1 |a Malaysia 
240 0 0 |a [Akta Demutualisasi (Bursa Saham Kuala Lumpur) 2003 (Akta 632)] 
245 1 0 |a Akta Demutualisasi (Bursa Saham Kuala Lumpur) 2003 (Akta 632) & Demutualisation (Kuala Lumpur Stock Excahange) Act 2003 (Act 632) :   |b (Hingga 20hb Mei 2004)   |c Disusun oleh Lembaga Penyelidikan Undang-Undang 
260 |a Petaling Jaya :   |b International Law Book Services ,   |c 2004 
300 |a 33 p. ;   |c 24 cm. 
650 0 0 |a Stock companies 
650 0 0 |a Stock exchanges   |x Law and legislation   |z Malaysia 
710 1 |a International Law Book Services. Lembaga Penyelidikan Undang-Undang 
740 0 |a Undang-Undang Malaysia 
999 |a 0000017775   |b BOOK   |c Acts   |e Default branch 
999 |a 0000021435   |b BOOK   |c Acts   |e Default branch